| 000 | 00367nam a22001577a 4500 | ||
|---|---|---|---|
| 003 | OSt | ||
| 005 | 20211223095741.0 | ||
| 008 | 211223b |||||||| |||| 00| 0 eng d | ||
| 020 | _a013600637X | ||
| 040 | _cHU | ||
| 082 |
_23ed _a004.6 |
||
| 100 |
_aUllman D.Jffrey _924530 |
||
| 245 | _aA First Course in Data base System | ||
| 300 | _f565 | ||
| 942 |
_2ddc _cBOOKS _n0 |
||
| 999 |
_c23638 _d23638 |
||